000 00865cam a2200253 a 4500
001 3073941
005 20180312050607.0
008 970829s1998 nyu b 001 0 eng d
010 _a 97065377
020 _a0312137621 (pbk.)
035 _a(OCoLC)37579161
040 _aCLU
_cCLU
_dDLC
_dWaU
041 _aeng
042 _alccopycat
080 _a808.066301 GIA
082 0 0 _a808.066301 GIA
_221
100 _a25
101 _aEDU
245 0 2 _aA guide to writing sociology papers /
_cthe Sociology Writing Group ; coordinators and editors, Judith Richlin-Klonsky and Ellen Strenski ; authors, Roseann Giarrusso ... [et al.]
504 _aIncludes bibliographical references and index.
906 _a7
_bcbc
_ccopycat
_d2
_eopcn
_f19
_gy-gencatlg
942 _2ddc
_cBK
999 _c44686
_d44686